[Event "45th FIDE Chess Olympiad Open"]
[Site "Budapest, Hungary"]
[Date "2024.09.20"]
[Round "9"]
[White "Mizzi, Jack"]
[Black "Mushore, Emarald Takudzwa"]
[Result "1/2-1/2"]
[Board "191"]
[WhiteFideId "5602521"]
[BlackFideId "11309504"]
[WhiteTitle "CM"]
[WhiteElo "2053"]
[BlackElo "2150"]
[WhiteTeam "Malta"]
[BlackTeam "Zimbabwe"]
[WhiteClock "0:23:40"]
[BlackClock "0:19:31"]
[Variant "Standard"]

1. d4 {[%clk 1:30:48]}  d5 {[%clk 1:30:52]} 2. Nf3 {[%clk 1:30:51]}  Nf6 {[%clk 1:31:14]} 3. g3 {[%clk 1:31:01]}  e6 {[%clk 1:31:29]} 4. Bg2 {[%clk 1:31:20]}  b5 {[%clk 1:31:48]} 5. a4 {[%clk 1:31:00]}  b4 {[%clk 1:32:12]} 6. c4 {[%clk 1:30:47]}  bxc3 {[%clk 1:32:32]} 7. Nxc3 {[%clk 1:31:03]}  Be7 {[%clk 1:32:48]} 8. Bf4 {[%clk 1:28:10]}  O-O {[%clk 1:32:42]} 9. O-O {[%clk 1:27:21]}  Na6 {[%clk 1:32:19]} 10. Ne5 {[%clk 1:11:40]}  Bb7 {[%clk 1:26:39]} 11. Rc1 {[%clk 1:09:58]}  c5 {[%clk 1:25:41]} 12. dxc5 {[%clk 1:09:28]}  Bxc5 {[%clk 1:22:10]} 13. Bg5 {[%clk 1:05:36]}  Be7 {[%clk 1:19:28]} 14. Nb5 {[%clk 1:04:54]}  h6 {[%clk 1:17:22]} 15. Be3 {[%clk 1:03:12]}  Qb8 {[%clk 0:54:58]} 16. Bd4 {[%clk 0:53:21]}  Bd8 {[%clk 0:48:08]} 17. Qd2 {[%clk 0:39:22]}  Bb6 {[%clk 0:35:47]} 18. b4 {[%clk 0:34:25]}  Bxd4 {[%clk 0:31:31]} 19. Qxd4 {[%clk 0:34:48]}  Nxb4 {[%clk 0:31:18]} 20. f4 {[%clk 0:31:06]}  a5 {[%clk 0:31:12]} 21. f5 {[%clk 0:28:14]}  Ra6 {[%clk 0:21:48]} 22. Rc7 {[%clk 0:16:42]}  Bc8 {[%clk 0:17:51]} 23. Rfc1 {[%clk 0:16:28]}  exf5 {[%clk 0:16:39]} 24. Nxf7 {[%clk 0:14:02]}  Be6 {[%clk 0:16:56]} 25. Ne5 {[%clk 0:10:39]}  Qe8 {[%clk 0:12:22]} 26. Bf3 {[%clk 0:04:54]}  Qd8 {[%clk 0:06:09]} 27. Qb2 {[%clk 0:03:36]}  Ne8 {[%clk 0:06:02]} 28. R7c5 {[%clk 0:02:41]}  Qf6 {[%clk 0:05:15]} 29. Qd4 {[%clk 0:02:17]}  Ra8 {[%clk 0:03:51]} 30. Bh5 {[%clk 0:02:08]}  Rd8 {[%clk 0:03:51]} 31. Ng6 {[%clk 0:01:48]}  Rf7 {[%clk 0:02:14]} 32. Ne5 {[%clk 0:02:10]}  Rf8 {[%clk 0:02:35]} 33. Bxe8 {[%clk 0:01:48]}  Rfxe8 {[%clk 0:03:03]} 34. Nc7 {[%clk 0:01:22]}  Re7 {[%clk 0:03:14]} 35. Rxa5 {[%clk 0:01:20]}  Bf7 {[%clk 0:03:07]} 36. Nf3 {[%clk 0:01:35]}  Qxd4+ {[%clk 0:01:46]} 37. Nxd4 {[%clk 0:02:00]}  Re4 {[%clk 0:01:50]} 38. Rd1 {[%clk 0:01:02]}  Rc8 {[%clk 0:00:52]} 39. Rc5 {[%clk 0:01:22]}  f4 {[%clk 0:00:45]} 40. g4 {[%clk 0:01:04]}  Be8 {[%clk 0:00:52]} 41. Na6 {[%clk 0:26:29]}  Rxc5 {[%clk 0:28:50]} 42. Nxc5 {[%clk 0:26:53]}  Re7 {[%clk 0:28:58]} 43. Rb1 {[%clk 0:25:12]}  Nc6 {[%clk 0:21:18]} 44. Nxc6 {[%clk 0:22:50]}  Bxc6 {[%clk 0:21:46]} 45. Rb6 {[%clk 0:22:05]}  Bxa4 {[%clk 0:21:25]} 46. Nxa4 {[%clk 0:22:06]}  Rxe2 {[%clk 0:21:49]} 47. Nc3 {[%clk 0:21:31]}  Rd2 {[%clk 0:22:01]} 48. Rd6 {[%clk 0:21:51]}  f3 {[%clk 0:21:40]} 49. h3 {[%clk 0:19:06]}  h5 {[%clk 0:17:57]} 50. Rxd5 {[%clk 0:18:00]}  Rg2+ {[%clk 0:18:17]} 51. Kf1 {[%clk 0:18:17]}  hxg4 {[%clk 0:18:44]} 52. hxg4 {[%clk 0:18:29]}  Rxg4 {[%clk 0:19:07]} 53. Kf2 {[%clk 0:18:34]}  Rf4 {[%clk 0:19:10]} 54. Nb1 {[%clk 0:17:26]}  g6 {[%clk 0:18:42]} 55. Nd2 {[%clk 0:17:37]}  Kg7 {[%clk 0:19:10]} 56. Kg3 {[%clk 0:17:36]}  Rf5 {[%clk 0:19:20]} 57. Rd3 {[%clk 0:17:25]}  f2 {[%clk 0:19:30]} 58. Kg2 {[%clk 0:17:45]}  g5 {[%clk 0:19:43]} 59. Rg3 {[%clk 0:15:26]}  Kh6 {[%clk 0:18:22]} 60. Nf1 {[%clk 0:15:27]}  Rf4 {[%clk 0:17:54]} 61. Ra3 {[%clk 0:15:16]}  Kg6 {[%clk 0:17:57]} 62. Kg3 {[%clk 0:14:36]}  Rf6 {[%clk 0:18:04]} 63. Ra1 {[%clk 0:14:46]}  Rf4 {[%clk 0:18:10]} 64. Ne3 {[%clk 0:14:59]}  Rf6 {[%clk 0:18:24]} 65. Rf1 {[%clk 0:15:19]}  Rf4 {[%clk 0:17:48]} 66. Ng4 {[%clk 0:15:31]}  Kf5 {[%clk 0:17:52]} 67. Nxf2 {[%clk 0:15:46]}  Kg6 {[%clk 0:17:46]} 68. Rb1 {[%clk 0:16:00]}  Ra4 {[%clk 0:17:08]} 69. Rb3 {[%clk 0:16:20]}  Rf4 {[%clk 0:16:59]} 70. Nh3 {[%clk 0:16:41]}  Ra4 {[%clk 0:17:07]} 71. Rb6+ {[%clk 0:17:02]}  Kh5 {[%clk 0:17:20]} 72. Rb5 {[%clk 0:16:29]}  Ra3+ {[%clk 0:17:08]} 73. Kg2 {[%clk 0:16:53]}  Kh4 {[%clk 0:16:47]} 74. Rb4+ {[%clk 0:17:13]}  Kh5 {[%clk 0:17:04]} 75. Nf2 {[%clk 0:17:37]}  Kg6 {[%clk 0:16:26]} 76. Rb6+ {[%clk 0:17:45]}  Kf5 {[%clk 0:16:50]} 77. Rb5+ {[%clk 0:18:07]}  Kg6 {[%clk 0:16:44]} 78. Ne4 {[%clk 0:18:25]}  Rd3 {[%clk 0:15:37]} 79. Rxg5+ {[%clk 0:18:48]}  Kf7 {[%clk 0:15:57]} 80. Ra5 {[%clk 0:18:41]}  Re3 {[%clk 0:16:06]} 81. Ng5+ {[%clk 0:19:02]}  Kg6 {[%clk 0:16:20]} 82. Nf3 {[%clk 0:19:25]}  Re4 {[%clk 0:15:52]} 83. Kg3 {[%clk 0:19:49]}  Rb4 {[%clk 0:16:04]} 84. Nh2 {[%clk 0:19:46]}  Rb3+ {[%clk 0:16:04]} 85. Kh4 {[%clk 0:20:09]}  Rb1 {[%clk 0:16:25]} 86. Nf3 {[%clk 0:19:21]}  Rb4+ {[%clk 0:16:42]} 87. Kg3 {[%clk 0:19:46]}  Rb3 {[%clk 0:16:52]} 88. Kf4 {[%clk 0:20:02]}  Rb4+ {[%clk 0:17:18]} 89. Ke5 {[%clk 0:20:26]}  Rb1 {[%clk 0:16:29]} 90. Ra6+ {[%clk 0:20:50]}  Kg7 {[%clk 0:15:45]} 91. Kf5 {[%clk 0:21:06]}  Rf1 {[%clk 0:15:48]} 92. Ra7+ {[%clk 0:21:32]}  Kh6 {[%clk 0:15:29]} 93. Ra6+ {[%clk 0:21:30]}  Kg7 {[%clk 0:15:57]} 94. Kg4 {[%clk 0:21:14]}  Kf7 {[%clk 0:16:05]} 95. Nd2 {[%clk 0:20:15]}  Rf6 {[%clk 0:16:12]} 96. Ra7+ {[%clk 0:20:39]}  Kg6 {[%clk 0:16:37]} 97. Ne4 {[%clk 0:21:01]}  Re6 {[%clk 0:16:25]} 98. Kf4 {[%clk 0:21:26]}  Rc6 {[%clk 0:16:43]} 99. Ra5 {[%clk 0:21:49]}  Rb6 {[%clk 0:16:54]} 100. Ke5 {[%clk 0:22:00]}  Rc6 {[%clk 0:16:50]} 101. Ra1 {[%clk 0:22:22]}  Rb6 {[%clk 0:17:00]} 102. Rg1+ {[%clk 0:22:47]}  Kf7 {[%clk 0:17:23]} 103. Nd6+ {[%clk 0:23:11]}  Kf8 {[%clk 0:17:25]} 104. Nc4 {[%clk 0:21:35]}  Ra6 {[%clk 0:17:35]} 105. Kf5 {[%clk 0:21:21]}  Rh6 {[%clk 0:15:36]} 106. Ne5 {[%clk 0:21:20]}  Ra6 {[%clk 0:15:32]} 107. Rd1 {[%clk 0:21:36]}  Ke8 {[%clk 0:15:23]} 108. Rd7 {[%clk 0:21:55]}  Ra5 {[%clk 0:15:19]} 109. Rb7 {[%clk 0:21:44]}  Ra6 {[%clk 0:15:14]} 110. Nc4 {[%clk 0:21:12]}  Rc6 {[%clk 0:15:10]} 111. Ne5 {[%clk 0:21:07]}  Ra6 {[%clk 0:15:38]} 112. Nf7 {[%clk 0:21:20]}  Rc6 {[%clk 0:15:43]} 113. Ke5 {[%clk 0:21:41]}  Ra6 {[%clk 0:15:13]} 114. Nd6+ {[%clk 0:22:05]}  Kf8 {[%clk 0:15:21]} 115. Rd7 {[%clk 0:22:16]}  Ra1 {[%clk 0:15:36]} 116. Kf6 {[%clk 0:20:47]}  Rf1+ {[%clk 0:16:03]} 117. Nf5 {[%clk 0:21:12]}  Ke8 {[%clk 0:16:18]} 118. Rh7 {[%clk 0:21:34]}  Kd8 {[%clk 0:16:32]} 119. Ke6 {[%clk 0:21:29]}  Re1+ {[%clk 0:16:35]} 120. Kd5 {[%clk 0:21:54]}  Rd1+ {[%clk 0:16:55]} 121. Nd4 {[%clk 0:22:12]}  Ke8 {[%clk 0:17:12]} 122. Ke6 {[%clk 0:21:47]}  Re1+ {[%clk 0:17:28]} 123. Kd6 {[%clk 0:22:08]}  Rd1 {[%clk 0:17:56]} 124. Kd5 {[%clk 0:22:17]}  Kf8 {[%clk 0:17:57]} 125. Rd7 {[%clk 0:22:31]}  Ke8 {[%clk 0:18:15]} 126. Ra7 {[%clk 0:22:48]}  Kf8 {[%clk 0:18:38]} 127. Ke5 {[%clk 0:22:52]}  Re1+ {[%clk 0:18:47]} 128. Kf6 {[%clk 0:23:16]}  Rf1+ {[%clk 0:19:05]} 129. Nf5 {[%clk 0:23:40]}  Ke8 {[%clk 0:19:31]} 1/2-1/2

[Event "45th FIDE Chess Olympiad Open"]
[Site "Budapest, Hungary"]
[Date "2024.09.20"]
[Round "9"]
[White "Mapuranga, Vitalis"]
[Black "Zerafa, Patrick"]
[Result "1-0"]
[Board "192"]
[WhiteFideId "11004380"]
[BlackFideId "5600375"]
[BlackTitle "CM"]
[WhiteElo "2013"]
[BlackElo "1986"]
[WhiteTeam "Zimbabwe"]
[BlackTeam "Malta"]
[WhiteClock "0:19:59"]
[BlackClock "0:28:46"]
[Variant "Standard"]

1. d4 {[%clk 1:30:58]}  Nf6 {[%clk 1:30:53]} 2. c4 {[%clk 1:31:18]}  g6 {[%clk 1:31:04]} 3. Nc3 {[%clk 1:31:42]}  Bg7 {[%clk 1:31:28]} 4. e4 {[%clk 1:32:07]}  d6 {[%clk 1:31:53]} 5. Nf3 {[%clk 1:32:32]}  O-O {[%clk 1:31:37]} 6. Be2 {[%clk 1:32:59]}  e5 {[%clk 1:31:38]} 7. d5 {[%clk 1:33:16]}  Nh5 {[%clk 1:29:13]} 8. Bg5 {[%clk 1:31:20]}  f6 {[%clk 1:29:06]} 9. Be3 {[%clk 1:31:29]}  Nf4 {[%clk 1:29:00]} 10. Bf1 {[%clk 1:31:57]}  h6 {[%clk 1:15:56]} 11. h3 {[%clk 1:30:18]}  g5 {[%clk 1:13:24]} 12. Qc2 {[%clk 1:28:39]}  f5 {[%clk 1:12:15]} 13. O-O-O {[%clk 1:28:55]}  a5 {[%clk 1:11:21]} 14. h4 {[%clk 1:28:54]}  g4 {[%clk 1:09:45]} 15. Ne1 {[%clk 1:27:40]}  Na6 {[%clk 1:09:45]} 16. f3 {[%clk 1:24:04]}  Nh5 {[%clk 1:07:14]} 17. Bf2 {[%clk 1:21:07]}  g3 {[%clk 1:05:48]} 18. Be3 {[%clk 1:21:25]}  f4 {[%clk 1:06:08]} 19. Bg1 {[%clk 1:21:53]}  Bf6 {[%clk 1:05:08]} 20. a3 {[%clk 1:19:14]}  Kg7 {[%clk 1:01:04]} 21. Nd3 {[%clk 1:19:33]}  b6 {[%clk 1:01:00]} 22. b4 {[%clk 1:19:52]}  axb4 {[%clk 1:01:04]} 23. axb4 {[%clk 1:20:21]}  Be7 {[%clk 0:59:25]} 24. Kd2 {[%clk 1:19:55]}  Kg6 {[%clk 0:58:35]} 25. Qb2 {[%clk 1:19:52]}  Bxh4 {[%clk 0:58:09]} 26. Ra1 {[%clk 1:20:12]}  Rb8 {[%clk 0:53:14]} 27. Nb5 {[%clk 1:13:04]}  Bf6 {[%clk 0:51:20]} 28. Na7 {[%clk 1:13:12]}  Bb7 {[%clk 0:50:28]} 29. Ra3 {[%clk 1:09:51]}  Rc8 {[%clk 0:48:30]} 30. Nxc8 {[%clk 1:08:05]}  Bxc8 {[%clk 0:48:01]} 31. Qa2 {[%clk 1:06:21]}  Nb8 {[%clk 0:48:01]} 32. c5 {[%clk 1:05:24]}  bxc5 {[%clk 0:47:12]} 33. bxc5 {[%clk 1:05:43]}  dxc5 {[%clk 0:46:18]} 34. Nxc5 {[%clk 1:05:18]}  c6 {[%clk 0:46:26]} 35. Bd3 {[%clk 1:03:23]}  Ng7 {[%clk 0:46:26]} 36. Ra8 {[%clk 1:02:42]}  Nd7 {[%clk 0:43:17]} 37. Qa7 {[%clk 0:57:19]}  Rf7 {[%clk 0:41:55]} 38. Ne6 {[%clk 0:50:51]}  Qe8 {[%clk 0:37:05]} 39. Qc7 {[%clk 0:48:44]}  Nxe6 {[%clk 0:36:57]} 40. dxe6 {[%clk 0:48:08]}  Qxe6 {[%clk 0:36:58]} 41. Qxc8 {[%clk 0:48:05]}  Qb3 {[%clk 0:36:13]} 42. Qxc6 {[%clk 0:45:09]}  Qb2+ {[%clk 0:35:59]} 43. Qc2 {[%clk 0:45:27]}  Qb4+ {[%clk 0:35:58]} 44. Qc3 {[%clk 0:44:59]}  Qb7 {[%clk 0:36:22]} 45. Ra7 {[%clk 0:45:01]}  Qb8 {[%clk 0:36:03]} 46. Bc4 {[%clk 0:43:59]}  Re7 {[%clk 0:35:50]} 47. Bd5 {[%clk 0:43:45]}  Qb1 {[%clk 0:35:42]} 48. Ra1 {[%clk 0:43:00]}  Qb8 {[%clk 0:35:12]} 49. Ba7 {[%clk 0:43:04]}  Qd8 {[%clk 0:34:29]} 50. Rhb1 {[%clk 0:41:57]}  Bg7 {[%clk 0:33:50]} 51. Rb7 {[%clk 0:41:16]}  Nf6 {[%clk 0:34:03]} 52. Rxe7 {[%clk 0:40:51]}  Qxe7 {[%clk 0:33:56]} 53. Ra6 {[%clk 0:38:28]}  Kh7 {[%clk 0:32:52]} 54. Qc5 {[%clk 0:37:19]}  Nxd5 {[%clk 0:30:42]} 55. exd5 {[%clk 0:37:41]}  Qf7 {[%clk 0:29:57]} 56. Qc2+ {[%clk 0:36:53]}  Kg8 {[%clk 0:29:43]} 57. Qc4 {[%clk 0:32:01]}  Qb7 {[%clk 0:29:15]} 58. d6+ {[%clk 0:31:58]}  Kh8 {[%clk 0:29:21]} 59. Rc6 {[%clk 0:20:59]}  Qxa7 {[%clk 0:28:46]} 60. Rc8+ {[%clk 0:19:59]} 1-0

[Event "45th FIDE Chess Olympiad Open"]
[Site "Budapest, Hungary"]
[Date "2024.09.20"]
[Round "9"]
[White "Ortega Amarelle, Mariano"]
[Black "Kayonde, Andrew"]
[Result "1-0"]
[Board "193"]
[WhiteFideId "3504301"]
[BlackFideId "8700281"]
[WhiteTitle "IM"]
[BlackTitle "IM"]
[WhiteElo "2453"]
[BlackElo "2338"]
[WhiteTeam "Cape Verde"]
[BlackTeam "Zambia"]
[WhiteClock "0:01:00"]
[BlackClock "0:02:34"]
[Variant "Standard"]

1. Nf3 {[%clk 1:30:53]}  d5 {[%clk 1:29:53]} 2. d4 {[%clk 1:31:12]}  Nf6 {[%clk 1:29:49]} 3. c4 {[%clk 1:31:18]}  e6 {[%clk 1:29:36]} 4. g3 {[%clk 1:29:59]}  Be7 {[%clk 1:28:54]} 5. Bg2 {[%clk 1:29:28]}  O-O {[%clk 1:29:15]} 6. Qc2 {[%clk 1:25:55]}  c5 {[%clk 1:27:09]} 7. O-O {[%clk 1:23:29]}  cxd4 {[%clk 1:14:35]} 8. Nxd4 {[%clk 1:22:20]}  dxc4 {[%clk 1:12:41]} 9. Qxc4 {[%clk 1:11:04]}  e5 {[%clk 1:12:23]} 10. Nf3 {[%clk 1:00:09]}  Nc6 {[%clk 1:12:18]} 11. Nc3 {[%clk 0:59:45]}  h6 {[%clk 1:06:23]} 12. Rd1 {[%clk 0:56:50]}  Be6 {[%clk 0:59:06]} 13. Qa4 {[%clk 0:28:43]}  Qb6 {[%clk 0:57:00]} 14. Bd2 {[%clk 0:24:16]}  Rac8 {[%clk 0:50:32]} 15. Qb5 {[%clk 0:17:24]}  Qc7 {[%clk 0:38:43]} 16. Be3 {[%clk 0:09:18]}  a6 {[%clk 0:38:36]} 17. Qa4 {[%clk 0:09:39]}  Na5 {[%clk 0:36:06]} 18. Qh4 {[%clk 0:01:35]}  Nc4 {[%clk 0:32:45]} 19. Bxh6 {[%clk 0:00:40]}  gxh6 {[%clk 0:22:05]} 20. Qxh6 {[%clk 0:01:09]}  Nh7 {[%clk 0:19:25]} 21. Bh3 {[%clk 0:00:33]}  Qc6 {[%clk 0:17:55]} 22. Bxe6 {[%clk 0:00:53]}  Qxe6 {[%clk 0:18:10]} 23. Qxe6 {[%clk 0:00:59]}  fxe6 {[%clk 0:18:34]} 24. Rd7 {[%clk 0:01:25]}  Bc5 {[%clk 0:15:09]} 25. Ne4 {[%clk 0:01:20]}  b5 {[%clk 0:12:11]} 26. b3 {[%clk 0:01:16]}  Nb6 {[%clk 0:12:13]} 27. Nxc5 {[%clk 0:01:19]}  Nxd7 {[%clk 0:05:32]} 28. Nxd7 {[%clk 0:01:44]}  Rfd8 {[%clk 0:05:58]} 29. Ndxe5 {[%clk 0:02:07]}  Rc2 {[%clk 0:05:09]} 30. Kf1 {[%clk 0:02:25]}  a5 {[%clk 0:05:14]} 31. Nd3 {[%clk 0:00:44]}  Nf6 {[%clk 0:04:55]} 32. Nfe1 {[%clk 0:00:36]}  Rc3 {[%clk 0:04:57]} 33. Rb1 {[%clk 0:00:48]}  Re8 {[%clk 0:02:44]} 34. f4 {[%clk 0:00:37]}  Ng4 {[%clk 0:02:30]} 35. h3 {[%clk 0:00:58]}  Ne3+ {[%clk 0:02:45]} 36. Kf2 {[%clk 0:01:22]}  Nc2 {[%clk 0:02:37]} 37. Nf3 {[%clk 0:01:30]}  Nb4 {[%clk 0:02:01]} 38. Nxb4 {[%clk 0:01:38]}  axb4 {[%clk 0:02:27]} 39. Rb2 {[%clk 0:02:02]}  Rd8 {[%clk 0:02:30]} 40. g4 {[%clk 0:01:52]}  Rc6 {[%clk 0:01:19]} 41. Ke3 {[%clk 0:00:38]}  Ra6 {[%clk 0:00:44]} 42. h4 {[%clk 0:21:52]}  Rda8 {[%clk 0:23:01]} 43. Ke4 {[%clk 0:16:17]}  Rxa2 {[%clk 0:22:28]} 44. Rxa2 {[%clk 0:16:41]}  Rxa2 {[%clk 0:22:50]} 45. Nd4 {[%clk 0:17:06]}  Kf7 {[%clk 0:19:16]} 46. Ke5 {[%clk 0:14:27]}  Rd2 {[%clk 0:19:22]} 47. h5 {[%clk 0:14:34]}  Rb2 {[%clk 0:14:49]} 48. g5 {[%clk 0:11:47]}  Rd2 {[%clk 0:15:09]} 49. e4 {[%clk 0:05:13]}  Rd3 {[%clk 0:10:58]} 50. g6+ {[%clk 0:03:42]}  Kg7 {[%clk 0:10:59]} 51. Nxe6+ {[%clk 0:03:58]}  Kh6 {[%clk 0:11:01]} 52. Nd4 {[%clk 0:03:35]}  Kxh5 {[%clk 0:10:37]} 53. g7 {[%clk 0:03:17]}  Rg3 {[%clk 0:10:45]} 54. Kf6 {[%clk 0:03:23]}  Rg4 {[%clk 0:06:43]} 55. Nf5 {[%clk 0:00:46]}  Rg6+ {[%clk 0:01:21]} 56. Kf7 {[%clk 0:01:10]}  Rg4 {[%clk 0:01:43]} 57. g8=Q {[%clk 0:00:44]}  Rxg8 {[%clk 0:02:08]} 58. Kxg8 {[%clk 0:01:05]}  Kg4 {[%clk 0:02:34]} 59. e5 {[%clk 0:01:00]} 1-0

[Event "45th FIDE Chess Olympiad Open"]
[Site "Budapest, Hungary"]
[Date "2024.09.20"]
[Round "9"]
[White "Mulenga, Prince Daniel"]
[Black "Alho, Diogo"]
[Result "0-1"]
[Board "194"]
[WhiteFideId "8701776"]
[BlackFideId "1901559"]
[WhiteTitle "FM"]
[BlackTitle "FM"]
[WhiteElo "2184"]
[BlackElo "2192"]
[WhiteTeam "Zambia"]
[BlackTeam "Cape Verde"]
[WhiteClock "0:17:01"]
[BlackClock "0:14:54"]
[Variant "Standard"]

1. Nf3 {[%clk 1:30:57]}  d6 {[%clk 1:29:48]} 2. d4 {[%clk 1:31:21]}  f5 {[%clk 1:30:02]} 3. g3 {[%clk 1:30:44]}  Nf6 {[%clk 1:30:22]} 4. Bg2 {[%clk 1:31:14]}  g6 {[%clk 1:30:40]} 5. O-O {[%clk 1:31:41]}  Bg7 {[%clk 1:31:00]} 6. b3 {[%clk 1:32:05]}  O-O {[%clk 1:29:21]} 7. Bb2 {[%clk 1:32:31]}  c6 {[%clk 1:26:11]} 8. c4 {[%clk 1:32:19]}  Qe8 {[%clk 1:22:11]} 9. d5 {[%clk 1:31:14]}  Na6 {[%clk 1:20:56]} 10. Nc3 {[%clk 1:29:03]}  h6 {[%clk 1:17:54]} 11. Qd2 {[%clk 1:20:06]}  Bd7 {[%clk 1:12:33]} 12. Rae1 {[%clk 1:19:29]}  Nc5 {[%clk 1:01:08]} 13. Nd4 {[%clk 1:17:15]}  g5 {[%clk 0:55:35]} 14. Qc2 {[%clk 0:59:21]}  Ng4 {[%clk 0:51:55]} 15. Qd2 {[%clk 0:50:37]}  f4 {[%clk 0:44:59]} 16. b4 {[%clk 0:49:18]}  fxg3 {[%clk 0:37:58]} 17. fxg3 {[%clk 0:47:58]}  Qh5 {[%clk 0:37:28]} 18. Nf3 {[%clk 0:38:45]}  Rxf3 {[%clk 0:30:21]} 19. Rxf3 {[%clk 0:39:10]}  Qxh2+ {[%clk 0:30:45]} 20. Kf1 {[%clk 0:39:39]}  Ne5 {[%clk 0:29:44]} 21. g4 {[%clk 0:19:18]}  Bxg4 {[%clk 0:24:43]} 22. bxc5 {[%clk 0:18:45]}  Bxf3 {[%clk 0:22:17]} 23. exf3 {[%clk 0:16:31]}  Nxf3 {[%clk 0:22:11]} 24. Qf2 {[%clk 0:16:37]}  Nxe1 {[%clk 0:16:04]} 25. Kxe1 {[%clk 0:17:04]}  Rf8 {[%clk 0:16:00]} 26. Qe3 {[%clk 0:17:01]}  Qxg2 {[%clk 0:14:54]} 0-1

[Event "45th FIDE Chess Olympiad Open"]
[Site "Budapest, Hungary"]
[Date "2024.09.20"]
[Round "9"]
[White "Mirulla, David"]
[Black "Kaoma, Micheal"]
[Result "0-1"]
[Board "195"]
[WhiteFideId "2830235"]
[BlackFideId "8701431"]
[WhiteElo "1904"]
[BlackElo "2161"]
[WhiteTeam "Cape Verde"]
[BlackTeam "Zambia"]
[WhiteClock "0:00:36"]
[BlackClock "0:31:35"]
[Variant "Standard"]

1. e4 {[%clk 1:30:55]}  c5 {[%clk 1:30:45]} 2. Nf3 {[%clk 1:31:19]}  Nc6 {[%clk 1:31:10]} 3. d4 {[%clk 1:31:39]}  cxd4 {[%clk 1:31:35]} 4. Nxd4 {[%clk 1:32:03]}  e6 {[%clk 1:31:49]} 5. c4 {[%clk 1:30:01]}  Nf6 {[%clk 1:32:14]} 6. f3 {[%clk 1:29:43]}  Bc5 {[%clk 1:25:10]} 7. Nxc6 {[%clk 1:20:07]}  bxc6 {[%clk 1:24:28]} 8. Nc3 {[%clk 1:14:12]}  e5 {[%clk 1:21:10]} 9. Qd3 {[%clk 1:04:06]}  Qb6 {[%clk 1:12:45]} 10. Nd1 {[%clk 1:04:11]}  O-O {[%clk 1:11:02]} 11. Be3 {[%clk 1:00:30]}  d5 {[%clk 1:05:24]} 12. cxd5 {[%clk 0:36:02]}  cxd5 {[%clk 1:04:18]} 13. Bxc5 {[%clk 0:32:02]}  Qxc5 {[%clk 1:04:39]} 14. exd5 {[%clk 0:29:21]}  e4 {[%clk 1:02:35]} 15. Qc4 {[%clk 0:27:22]}  Qb6 {[%clk 0:42:22]} 16. Qb5 {[%clk 0:19:21]}  exf3 {[%clk 0:38:14]} 17. Qxb6 {[%clk 0:19:04]}  axb6 {[%clk 0:38:43]} 18. Nc3 {[%clk 0:13:51]}  Bb7 {[%clk 0:38:08]} 19. O-O-O {[%clk 0:06:14]}  Rfd8 {[%clk 0:37:56]} 20. Bc4 {[%clk 0:03:20]}  Rac8 {[%clk 0:35:50]} 21. Rd4 {[%clk 0:02:06]}  fxg2 {[%clk 0:33:37]} 22. Rg1 {[%clk 0:02:16]}  Nxd5 {[%clk 0:32:17]} 23. Nxd5 {[%clk 0:00:36]}  Rxd5 {[%clk 0:31:35]} 0-1

[Event "45th FIDE Chess Olympiad Open"]
[Site "Budapest, Hungary"]
[Date "2024.09.20"]
[Round "9"]
[White "Hapaku, Charles"]
[Black "Vaz, Jose Carlos"]
[Result "1-0"]
[Board "196"]
[WhiteFideId "8704244"]
[BlackFideId "23601710"]
[WhiteTitle "CM"]
[WhiteElo "2102"]
[BlackElo "1909"]
[WhiteTeam "Zambia"]
[BlackTeam "Cape Verde"]
[WhiteClock "0:25:09"]
[BlackClock "0:48:00"]
[Variant "Standard"]

1. c4 {[%clk 1:30:49]}  c5 {[%clk 1:30:28]} 2. Nf3 {[%clk 1:31:10]}  Nf6 {[%clk 1:30:33]} 3. Nc3 {[%clk 1:31:33]}  g6 {[%clk 1:30:43]} 4. d4 {[%clk 1:29:02]}  cxd4 {[%clk 1:30:22]} 5. Nxd4 {[%clk 1:29:26]}  Bg7 {[%clk 1:30:44]} 6. e4 {[%clk 1:29:44]}  d6 {[%clk 1:30:56]} 7. Be2 {[%clk 1:30:01]}  O-O {[%clk 1:31:16]} 8. O-O {[%clk 1:30:19]}  Nc6 {[%clk 1:31:33]} 9. Be3 {[%clk 1:29:41]}  Bd7 {[%clk 1:31:43]} 10. Rc1 {[%clk 1:29:22]}  Rc8 {[%clk 1:31:03]} 11. f3 {[%clk 1:28:22]}  a6 {[%clk 1:31:15]} 12. Qd2 {[%clk 1:28:24]}  h5 {[%clk 1:31:27]} 13. Rfd1 {[%clk 1:24:44]}  Kh7 {[%clk 1:31:34]} 14. Nb3 {[%clk 1:21:12]}  b6 {[%clk 1:30:00]} 15. Nd5 {[%clk 1:20:27]}  Rb8 {[%clk 1:29:57]} 16. Bf1 {[%clk 1:20:08]}  Be6 {[%clk 1:29:25]} 17. Qf2 {[%clk 1:19:57]}  Nd7 {[%clk 1:29:38]} 18. Nf4 {[%clk 1:16:15]}  Qc8 {[%clk 1:27:23]} 19. Nxe6 {[%clk 1:04:37]}  fxe6 {[%clk 1:27:38]} 20. h3 {[%clk 1:02:57]}  Nc5 {[%clk 1:20:32]} 21. Nd4 {[%clk 0:49:58]}  Nxe4 {[%clk 1:19:17]} 22. Qc2 {[%clk 0:49:46]}  Ng3 {[%clk 1:19:08]} 23. Nxc6 {[%clk 0:48:41]}  Qxc6 {[%clk 1:12:48]} 24. Bd3 {[%clk 0:48:48]}  Nf5 {[%clk 1:09:07]} 25. Bf2 {[%clk 0:49:00]}  Qe8 {[%clk 1:09:07]} 26. b4 {[%clk 0:49:00]}  a5 {[%clk 1:06:55]} 27. Rb1 {[%clk 0:48:08]}  Qf7 {[%clk 1:02:24]} 28. bxa5 {[%clk 0:47:36]}  bxa5 {[%clk 1:02:43]} 29. Rb5 {[%clk 0:47:13]}  Rfc8 {[%clk 1:00:35]} 30. Qb1 {[%clk 0:44:24]}  Ra8 {[%clk 0:57:13]} 31. g4 {[%clk 0:35:35]}  hxg4 {[%clk 0:57:25]} 32. fxg4 {[%clk 0:35:45]}  Nh6 {[%clk 0:57:43]} 33. Rg5 {[%clk 0:34:49]}  Qf3 {[%clk 0:54:49]} 34. Rxg6 {[%clk 0:28:25]}  Kg8 {[%clk 0:54:50]} 35. Be4 {[%clk 0:28:30]}  Qxh3 {[%clk 0:54:25]} 36. Rd3 {[%clk 0:28:32]}  Rab8 {[%clk 0:51:51]} 37. Rxg7+ {[%clk 0:26:18]}  Kxg7 {[%clk 0:51:52]} 38. Qa1+ {[%clk 0:26:47]}  e5 {[%clk 0:51:51]} 39. Rxh3 {[%clk 0:27:09]}  Rxc4 {[%clk 0:51:56]} 40. Qe1 {[%clk 0:24:45]}  Rbb4 {[%clk 0:50:01]} 41. Qe3 {[%clk 0:24:32]}  Rxe4 {[%clk 0:47:53]} 42. Qxh6+ {[%clk 0:24:41]}  Kf7 {[%clk 0:48:15]} 43. Qh5+ {[%clk 0:24:33]}  Ke6 {[%clk 0:47:54]} 44. Qf5+ {[%clk 0:24:49]}  Kd5 {[%clk 0:48:00]} 45. Rd3+ {[%clk 0:25:09]} 1-0